1804 1558 1532 1337 1338 1150 1227 1964 1624 1680 1787 1131 1112 1992 1131 1002 1469 1753 1159 1746 1133 1283 1683 1958 1233 1566 1810 1473 1122 1034 1946 1190 1597 1415 1032 1253 1058 1527 1783 1048 1122 1035 1311 1855 1973 1688 1926 1333 1822 1279 1910 1019 1068 1709 1030 1867 1370 1084 1409 1115 1828 1300 1682 1276 1382 1357 1087 1259 1923 1006 1725 1105 1775 1777 1128 1566 1695 1710 1500 1881 1541 1172 1614 1785 1400 1490 1664 1220 1785 1622 1890 1870 1054 1962 1565 1435 1079 1736 1040 BCNSPRNW ULIB Ver.6.0+V

เปลี่ยนเป็นภาษาไทย

Change to English
 แสดงรายละเอียดบรรณานุกรม
  กลับหน้าหลัก

Brief Record : Get Marc (ISO 2709) : E-mail record : QR code < ปิดหน้าต่าง
LEADER : 00000nam 2200000uu 4500
001    13399112596
003     ULIB
008    110826s2551||||th 000 0 tha d
020    9789740626671
050  4 HQ772^bS111ส 2551
110 2  ซัมซุงพับลิชิง คอมพานี
245 10 สมองซีกขวาพัฒนาได้ไร้ขีดจำกัด สำหรับ 5-6 ปี /^cซัมซุงพับลิชิง คอมพานี
250    พิมพ์ครั้งที่ 1
260    กรุงเทพฯ :^bนานมีบุ๊คส์พับลิเคชั่นส์ ,^c2551
300    96 หน้า :^bภาพประกอบ
945    ^p195^l0^i024692
945    ^p195^l0^i024693
995    ทศพร
999 ^a ทศพร
รายการนี้ยังไม่มีแท็ก
คุณยังไม่ได้ล็อกอิน คุณสามารถมีกิจกรรมร่วมกับเว็บไซต์ได้ แต่ต้องล็อกอินก่อน ::
  ล็อกอิน

รายการสื่อสารสนเทศ

ลำดับที่ ประเภท เลขเรียก/บาร์โค้ด สถานที่ สถานะ
- ไม่พบข้อมูล -

BibComment


ยังไม่เคยถูกคอมเมนท์

คอมเมนท์ทรัพยากรรายการนี้
  คอมเมนท์: สมองซีกขวาพัฒนาได..


 Copyright 2026. Bcnsprnw @Library